|
|
|
|
| LEADER |
00000nab a2200000 a 4500 |
| 001 |
vtls000484750 |
| 003 |
SK-MaSNL |
| 005 |
20260304030008.0 |
| 008 |
250310c1992 xo 0 hun |
| 015 |
|
|
|a SNBRB19rr/mm-uuuuu
|
| 035 |
|
|
|a CL0484885
|
| 035 |
|
|
|a urn:nbn:sk:snk-abbtc
|
| 035 |
|
|
|a (urnnbn)urn:nbn:sk:snk:ar-00358o
|
| 035 |
|
|
|a (uuid)4571db74-c94b-482c-bbeb-b4618eecf9c6
|
| 040 |
|
|
|a SNKBUCL
|b slo
|c SNKBUCL
|e AACR2
|
| 041 |
0 |
|
|a hun
|
| 044 |
|
|
|a xo
|c SK
|
| 080 |
|
|
|a 894.511 (437)-4=945.11
|2 1981
|
| 100 |
1 |
|
|a Tőzsér, Árpád,
|d 1935-
|4 aut
|9 89438
|
| 245 |
1 |
0 |
|a Heideggér mint hátsó gondolat
|b Hátsó gondolat
|c Árpád Tőzsér
|
| 650 |
0 |
7 |
|a eseje
|2 snkbucl
|9 144629
|
| 655 |
|
7 |
|a články z novín a časopisov
|2 snkbucl
|9 267496
|
| 655 |
|
7 |
|a články z odboru literárna veda a krásna literatúra
|2 snkbucl
|9 770045
|
| 773 |
0 |
|
|t Kalligram
|g Č. 6 (1992), s. 3 obál.
|
| 850 |
|
|
|a Slovenská národná knižnica v Martine
|a MTA001
|
| 852 |
|
|
|a SNK
|b KIS3GCP
|
| 958 |
|
|
|a OND
|
| 958 |
|
|
|a RK
|
| 958 |
|
|
|a HU
|
| 958 |
|
|
|a LX
|
| 958 |
|
|
|a NX
|
| 958 |
|
|
|a article27
|
| 992 |
|
|
|a RBX
|
| 999 |
|
|
|c 2631056
|d 2632986
|